Die ätherischen Öle. Allgemeiner Teil A, Grundlagen, Analyse und Behandlung der Inhaltsstoffe. Band 3 d, Die Inhaltsstoffe /

Uloženo v:
Podrobná bibliografie
Hlavní autoři: Gildemeister, E. (Autor), Hoffmann, Fr (Autor)
Další autoři: Treibs, Wilhelm (Sestavovatel, kompilátor)
Médium: Kniha
Jazyk:němčina
Vydáno: Berlin : Akademie, 1966
Vydání:4. völlig neu bearbeitete Aufl.
Témata:
On-line přístup: Získat plný text
Tagy: Přidat tag
Žádné tagy, Buďte první, kdo vytvoří štítek k tomuto záznamu!

MARC

LEADER 00000cam a2200000 4500
003 SK-BrCVT
005 20220617223700.0
008 070531s1966 gw e ||||||ger d
035 |a CVTIDW1414417 
040 |b slo  |a CVTI SR  |e AACR2 
041 0 |a ger 
044 |a gw 
080 |a 665.5  |2 UDC-MRF 
100 1 |a Gildemeister, E.  |4 aut 
245 1 4 |a Die ätherischen Öle.  |n Allgemeiner Teil A,  |p Grundlagen, Analyse und Behandlung der Inhaltsstoffe.  |n Band 3 d,  |p Die Inhaltsstoffe /  |c E. Gildemeister, Fr. Hoffmann ; herausgegeben: Wilhelm Treibs 
250 |a 4. völlig neu bearbeitete Aufl. 
260 |a Berlin :  |b Akademie,  |c 1966 
300 |a 22, 902 s. :  |b lit. ; 
653 1 |a éterický olej 
700 1 |a Hoffmann, Fr.  |4 aut 
700 1 |a Treibs, Wilhelm  |4 com 
910 |b A195332 
974 |f Knihy 
992 |a APP 
999 |c 155325  |d 155325